[Event "Dutch Treat"]
[Site "SchemingMind.com"]
[Date "2006.08.09"]
[Round "-"]
[White "kryspin11"]
[Black "Louis Lima"]
[Result "1-0"]
[WhiteCountry "POL"]
[BlackCountry "ESP"]
[WhiteElo "1835"]
[WhiteRD "85"]
[BlackElo "1657"]
[BlackRD "49"]
[GameID "62991"]

1. d4 f5 2. g3 Nf6 3. Bg2 g6 4. c4 Bg7 5. Nc3 O-O 6. Nf3 d6 7. O-O Nc6 8. d5 Ne5 9. Nd2 a6 10. Qb3 b6
11. Nf3 h6 12. Nxe5 dxe5 13. c5
1-0

[Event "Dutch Treat"]
[Site "SchemingMind.com"]
[Date "2006.08.09"]
[Round "-"]
[White "Louis Lima"]
[Black "kryspin11"]
[Result "0-1"]
[WhiteCountry "ESP"]
[BlackCountry "POL"]
[WhiteElo "1657"]
[WhiteRD "49"]
[BlackElo "1835"]
[BlackRD "85"]
[GameID "62992"]

1. d4 f5 2. Nc3 Nf6 3. Bg5 e6 4. e4 fxe4 5. Nxe4 Be7 6. Bxf6 Bxf6 7. Nf3 O-O 8. Bd3 d5 9. Nxf6+ Rxf6 10. Ne5 Nd7
11. Qh5 g6 12. Bxg6 hxg6 13. Nxg6 Kg7 14. Nh4 Rh6
0-1

[Event "Dutch Treat"]
[Site "SchemingMind.com"]
[Date "2006.08.24"]
[Round "-"]
[White "Dr_Pat"]
[Black "kryspin11"]
[Result "0-1"]
[WhiteCountry "USA"]
[BlackCountry "POL"]
[WhiteElo "1490"]
[WhiteRD "48"]
[BlackElo "1835"]
[BlackRD "85"]
[GameID "65079"]

1. d4 f5 2. g3 Nf6 3. Bg2 e6 4. Nf3 Nc6 5. O-O g6 6. c4 d5 7. cxd5 exd5 8. Nc3 Bg7 9. Bf4 O-O 10. Nb5 Rf7
11. Qd2 Ne4 12. Qc1 a6 13. Nc3 Nxd4 14. Nxe4 Nxe2+
0-1

[Event "Dutch Treat"]
[Site "SchemingMind.com"]
[Date "2006.08.24"]
[Round "-"]
[White "Dr_Pat"]
[Black "Louis Lima"]
[Result "0-1"]
[WhiteCountry "USA"]
[BlackCountry "ESP"]
[WhiteElo "1490"]
[WhiteRD "48"]
[BlackElo "1657"]
[BlackRD "49"]
[GameID "65080"]

1. d4 f5 2. e4 fxe4 3. Nc3 Nf6 4. Bg5 b6 5. f3 Bb7 6. fxe4 Nxe4 7. Nxe4 Bxe4 8. Bd3 Bxd3 9. Qxd3 d6 10. Ne2 Qd7
11. O-O-O Nc6 12. Nf4 O-O-O 13. Kb1 Qg4 14. h4 h6 15. Ng6 Rg8 16. Be3 Qxg2 17. Nf4 Qg4 18. d5 Ne5 19. Qa6+ Kb8 20. Ne6 Rd7
21. Rd4 Qf3 22. Re1 c5 23. Rf4 Qxd5 24. Rxf8+ Rxf8 25. Nxf8 Rd8 26. Rf1 Nc4 27. Bc1 g5 28. Nd7+ Ka8 29. b3 Qe6 30. bxc4 Qxd7
31. hxg5 hxg5 32. Bxg5 Rg8 33. Kb2 e6 34. a4 Qg7+ 35. Bf6 Qg2 36. Rf4 Qg3 37. Re4 Qf3 38. Rxe6 Kb8 39. Re7 Qxf6+
0-1

[Event "Dutch Treat"]
[Site "SchemingMind.com"]
[Date "2006.08.27"]
[Round "-"]
[White "kryspin11"]
[Black "Dr_Pat"]
[Result "1-0"]
[WhiteCountry "POL"]
[BlackCountry "USA"]
[WhiteElo "1898"]
[WhiteRD "85"]
[BlackElo "1493"]
[BlackRD "57"]
[GameID "65081"]

1. d4 f5 2. g3 Nf6 3. Bg2 e6 4. c4 Be7 5. Nc3 O-O 6. Nf3 c5 7. d5 Ne4 8. Nxe4 fxe4 9. Ne5 d6 10. Ng4 Nd7
11. Bxe4 Kh8 12. h3 exd5 13. Bxd5 Nb6 14. Bf4 Nd7 15. Be4 Nb6 16. Qc2 Nd7 17. Bxh7 Nf6 18. Nxf6 Bxf6 19. O-O-O Bg5 20. e3 Bd7
21. Bxd6 Rf6 22. f4 Bh6 23. Be5 Ra6 24. Bf5 Rxa2 25. Rxd7 Ra1+ 26. Kd2 Qa5+ 27. Bc3 Qa4 28. Rxa1 Qxc2+ 29. Kxc2
1-0

[Event "Dutch Treat"]
[Site "SchemingMind.com"]
[Date "2006.08.24"]
[Round "-"]
[White "Louis Lima"]
[Black "Dr_Pat"]
[Result "1-0"]
[WhiteCountry "ESP"]
[BlackCountry "USA"]
[WhiteElo "1703"]
[WhiteRD "61"]
[BlackElo "1474"]
[BlackRD "49"]
[GameID "65082"]

1. d4 f5 2. c4 Nf6 3. Nc3 e6 4. Bg5 h6 5. Bxf6 gxf6 6. e4 fxe4 7. Qh5+ Ke7 8. Nxe4 Nc6 9. Qg6 d6 10. Qxf6+ Kd7
11. Qxh8
1-0

[Event "Dutch Treat"]
[Site "SchemingMind.com"]
[Date "2006.08.25"]
[Round "-"]
[White "jlowrey"]
[Black "kryspin11"]
[Result "0-1"]
[WhiteCountry "USA"]
[BlackCountry "POL"]
[WhiteElo "1618"]
[WhiteRD "72"]
[BlackElo "1898"]
[BlackRD "85"]
[GameID "65139"]

1. d4 f5 2. Nf3 Nf6 3. g3 e6 4. b3 c6 5. Bb2 d5 6. Bg2 c5 7. Ba3 Nc6 8. c3 b6 9. Nbd2 Bd6 10. O-O O-O
11. Qc2 Ne4 12. Nxe4 fxe4 13. Nd2 cxd4 14. Bxd6 Qxd6 15. c4 Bd7 16. cxd5 exd5 17. a3 Ne5 18. f4 Ng4 19. Rfc1 Rac8 20. Qb2 Qf6
21. Rxc8 Rxc8 22. Rc1 Rxc1+ 23. Qxc1 d3 24. exd3 Qd4+ 25. Kf1 Qf2#
0-1

[Event "Dutch Treat"]
[Site "SchemingMind.com"]
[Date "2006.08.25"]
[Round "-"]
[White "jlowrey"]
[Black "Louis Lima"]
[Result "0-1"]
[WhiteCountry "USA"]
[BlackCountry "ESP"]
[WhiteElo "1662"]
[WhiteRD "70"]
[BlackElo "1657"]
[BlackRD "49"]
[GameID "65140"]

1. d4 f5 2. Nf3 Nf6 3. c4 g6 4. g3 Bg7 5. Nc3 O-O 6. Bg2 d6= 7. Bg5 Nc6 8. O-O h6 9. Bxf6 Bxf6 10. Nd5 Bg7
11. e3 e6 12. Nf4 Qe8 13. Nd2 g5 14. Nxe6 Bxe6 15. d5 Bxd5 16. cxd5 Ne5 17. Qb3 b6 18. Rac1 Rc8 19. Rfe1 Qh5 20. f3 g4
21. e4 fxe4 22. fxg4 Nxg4 23. h3 Nf2 24. g4 Qh4 25. Nxe4 Bd4 26. Re3 Nxe4 27. Bxe4 Qf2+ 28. Kh1 Qxe3 29. Qxe3 Bxe3 30. Bf5 Rxf5
31. gxf5 Bxc1
0-1

[Event "Dutch Treat"]
[Site "SchemingMind.com"]
[Date "2006.08.27"]
[Round "-"]
[White "kryspin11"]
[Black "jlowrey"]
[Result "1-0"]
[WhiteCountry "POL"]
[BlackCountry "USA"]
[WhiteElo "1898"]
[WhiteRD "85"]
[BlackElo "1618"]
[BlackRD "72"]
[GameID "65142"]

1. d4 f5 2. c4 Nf6 3. Nc3 e6 4. g3 Be7 5. Bg2 O-O 6. Nf3 c6 7. O-O d6 8. b3 Nbd7 9. Qd3 Nb6 10. e4 fxe4
11. Nxe4 Nxe4 12. Qxe4 d5 13. Qd3 c5 14. Be3 Bf6 15. dxc5 Bxa1 16. Ng5 Rf5 17. Rxa1 Nxc4 18. bxc4 Qf6 19. Rb1 Rxg5 20. Bxg5 Qxg5
21. cxd5 exd5 22. Bxd5+ Kh8 23. c6 Bf5 24. cxb7 Rb8 25. Be4 Bxe4 26. Qxe4 Qd8 27. Rc1 Qd7 28. Qc6
1-0

[Event "Dutch Treat"]
[Site "SchemingMind.com"]
[Date "2006.08.25"]
[Round "-"]
[White "Louis Lima"]
[Black "jlowrey"]
[Result "0-1"]
[WhiteCountry "ESP"]
[BlackCountry "USA"]
[WhiteElo "1657"]
[WhiteRD "49"]
[BlackElo "1662"]
[BlackRD "70"]
[GameID "65143"]

1. d4 f5 2. c4 e6 3. Nc3 Nf6 4. Bg5 Be7 5. Bxf6= Bxf6 6. e4 fxe4 7. Nxe4 O-O 8. Nf3 c5 9. Nxf6+ Qxf6 10. Bd3 cxd4
11. O-O Nc6 12. Qc2 g6 13. a3 e5 14. b4 d6 15. Nd2 b6 16. Be4 Bb7 17. b5 Na5 18. Bxb7 Nxb7 19. Nb3 Rac8 20. Qe4 Nc5
0-1

[Event "Dutch Treat"]
[Site "SchemingMind.com"]
[Date "2006.08.25"]
[Round "-"]
[White "Dr_Pat"]
[Black "jlowrey"]
[Result "0-1"]
[WhiteCountry "USA"]
[BlackCountry "USA"]
[WhiteElo "1490"]
[WhiteRD "48"]
[BlackElo "1662"]
[BlackRD "70"]
[GameID "65144"]

1. d4 f5 2. e4 fxe4 3. Nc3 Nf6 4. Bg5 e6 5. Nxe4 Be7 6. Ne2 O-O 7. N2c3 Nxe4 8. Bxe7 Nxc3 9. Bxd8 Nxd1 10. Rxd1 Rxd8
11. Bd3 Nc6 12. c3 b6 13. O-O Bb7 14. c4 Re8 15. Be4 Rad8 16. Bxc6 Bxc6 17. Rfe1 Re7 18. d5 Bb7 19. d6 cxd6 20. Rxd6 Rde8
21. Red1 Bc6 22. b4 b5 23. cxb5 Bxb5 24. g3 a6 25. a4 Bxa4 26. R1d4 Bb5 27. Rb6 d5 28. h4 Bc4 29. Kh2 e5 30. Rd2 h6
31. g4 e4 32. Kh3 e3 33. fxe3 Rxe3+ 34. Kg2 Re2+ 35. Rxe2 Rxe2+ 36. Kf3 Kh7 37. Rb7 d4 38. Rd7 d3
0-1

[Event "Dutch Treat"]
[Site "SchemingMind.com"]
[Date "2006.08.29"]
[Round "-"]
[White "Count_Aleksander"]
[Black "kryspin11"]
[Result "0-1"]
[WhiteCountry "USA"]
[BlackCountry "POL"]
[WhiteElo "1869"]
[WhiteRD "95"]
[BlackElo "1857"]
[BlackRD "89"]
[GameID "65708"]

1. d4 f5 2. Bg5 Nf6 3. c4 e6 4. g3 Be7 5. Nc3 O-O 6. Bg2 d6 7. Nf3 Nbd7 8. Qb3 c6 9. O-O Ng4 10. Bd2 c5
11. e3 e5 12. dxe5 dxe5 13. e4 Ndf6 14. exf5 e4
0-1

[Event "Dutch Treat"]
[Site "SchemingMind.com"]
[Date "2006.08.29"]
[Round "-"]
[White "Count_Aleksander"]
[Black "Dr_Pat"]
[Result "1-0"]
[WhiteCountry "USA"]
[BlackCountry "USA"]
[WhiteElo "1901"]
[WhiteRD "104"]
[BlackElo "1490"]
[BlackRD "48"]
[GameID "65710"]

1. d4 f5 2. c4 g6 3. Nc3 Bg7 4. Nf3 d6 5. Bf4 Nd7 6. e4 e5 7. dxe5 Qe7 8. Bg5 Qe6 9. exf5 Qxf5 10. exd6 cxd6
11. Qxd6 Bf6 12. Bxf6 Ndxf6 13. Bd3 Qd7 14. Nb5 Qxd6 15. Nxd6+ Ke7 16. c5 Ne8 17. Nxe8 Kxe8 18. O-O-O Nf6 19. Rhe1+ Kf7 20. Bc4+ Kg7
21. Re7+ Kh6 22. Ne5 Bf5 23. Nf7+
1-0

[Event "Dutch Treat"]
[Site "SchemingMind.com"]
[Date "2006.08.29"]
[Round "-"]
[White "Count_Aleksander"]
[Black "jlowrey"]
[Result "1-0"]
[WhiteCountry "USA"]
[BlackCountry "USA"]
[WhiteElo "1901"]
[WhiteRD "104"]
[BlackElo "1662"]
[BlackRD "70"]
[GameID "65711"]

1. d4 f5 2. e4 fxe4 3. Nc3 Nf6 4. Bg5 g6 5. Bc4 d5 6. Bxf6 exf6 7. Bxd5 Bb4 8. Bxe4 Be6 9. Bxb7 Qe7 10. Ne2 Bc4
11. Bxa8 O-O 12. O-O Bxc3 13. Nxc3 Bxf1 14. Qxf1 c6 15. Qc4+ Kg7 16. Bxc6 Nxc6 17. Qxc6 Re8 18. g3
1-0

[Event "Dutch Treat"]
[Site "SchemingMind.com"]
[Date "2006.08.30"]
[Round "-"]
[White "kryspin11"]
[Black "Count_Aleksander"]
[Result "1-0"]
[WhiteCountry "POL"]
[BlackCountry "USA"]
[WhiteElo "1898"]
[WhiteRD "85"]
[BlackElo "1835"]
[BlackRD "89"]
[GameID "65712"]

1. d4 f5 2. c4 e6 3. Nc3 Nf6 4. g3 d5 5. Bg2 c6 6. Nf3 dxc4 7. a4 Bb4 8. O-O Nd5 9. Bd2 Na6 10. Ne5 Bd6
11. Nxc4 Bc7 12. Qc1 O-O 13. e4 Nb6 14. Ne2 Kh8 15. Nxb6 Bxb6 16. exf5 Nc7 17. Bg5 Qd7 18. a5 Bxd4 19. Nxd4 Qxd4 20. Rd1 Qb4
21. Qe3 Qxb2 22. Be7 Re8 23. f6 gxf6 24. Qh6
1-0

[Event "Dutch Treat"]
[Site "SchemingMind.com"]
[Date "2006.08.30"]
[Round "-"]
[White "Louis Lima"]
[Black "Count_Aleksander"]
[Result "0-1"]
[WhiteCountry "ESP"]
[BlackCountry "USA"]
[WhiteElo "1657"]
[WhiteRD "49"]
[BlackElo "1901"]
[BlackRD "104"]
[GameID "65713"]

1. d4 f5 2. c4 e6 3. Nc3 Nf6 4. Bg5 Be7 5. Nf3= b6 6. Bxf6 Bxf6 7. e4 fxe4 8. Nxe4 Bb7 9. Bd3 O-O 10. O-O Nc6
11. Nxf6+ Qxf6 12. Rc1 Nb4 13. Be2 Nxa2 14. Ra1 Nb4 15. Ne5 Qg5 16. Bf3 Bxf3 17. Nxf3 Qf5 18. Ne5 d6 19. Nf3 Rf6 20. Qd2 Nd3
21. Nh4 Qe4 22. Ra3 Nxf2
0-1

[Event "Dutch Treat"]
[Site "SchemingMind.com"]
[Date "2006.08.29"]
[Round "-"]
[White "Dr_Pat"]
[Black "Count_Aleksander"]
[Result "0-1"]
[WhiteCountry "USA"]
[BlackCountry "USA"]
[WhiteElo "1490"]
[WhiteRD "48"]
[BlackElo "1901"]
[BlackRD "104"]
[GameID "65714"]

1. d4 f5 2. e4 fxe4 3. Nc3 Nf6 4. Bg5 Nc6 5. d5 Ne5 6. Qd4 Nf7 7. f3 Nxg5 8. fxe4 d6 9. Be2 Nf7 10. Nf3 g6
11. O-O Bg7 12. e5 Ng4 13. e6 Bxd4+
0-1

[Event "Dutch Treat"]
[Site "SchemingMind.com"]
[Date "2006.08.29"]
[Round "-"]
[White "jlowrey"]
[Black "Count_Aleksander"]
[Result "0-1"]
[WhiteCountry "USA"]
[BlackCountry "USA"]
[WhiteElo "1662"]
[WhiteRD "70"]
[BlackElo "1901"]
[BlackRD "104"]
[GameID "65715"]

1. d4 f5 2. Nf3 Nf6 3. c4 e6 4. Nc3 b6 5. Qc2 Bb7 6. Bg5 Be7 7. Bxf6 Bxf6 8. e3 c5 9. d5 O-O 10. Be2 Qe7
11. O-O g6 12. Rad1 Na6 13. a3 Rfd8 14. Nd2 Nc7 15. f4 exd5 16. Rde1 Qxe3+ 17. Kh1 Qe6 18. cxd5 Nxd5 19. Qb3 Nxc3 20. Bc4 Nd5
21. Rxe6 dxe6 22. Rd1 Nxf4 23. Bxe6+ Kg7 24. Nf3 Rxd1+ 25. Qxd1 Rd8 26. Qb3 Nxe6 27. Qxe6 Rd1+ 28. Ne1 Be4 29. h3 Rxe1+ 30. Kh2 Re2
31. Qd7+ Kh6 32. Kg1 Bh4 33. Qd6 Re1+ 34. Kh2 Re2 35. Qf8+ Kh5 36. Qg7 Rxg2+ 37. Kh1 Rxb2+ 38. Kg1 Rb1+ 39. Kh2 Rh1#
0-1

[Event "Dutch Treat"]
[Site "SchemingMind.com"]
[Date "2006.09.01"]
[Round "-"]
[White "Brerrabbit"]
[Black "kryspin11"]
[Result "0-1"]
[WhiteCountry "SCO"]
[BlackCountry "POL"]
[WhiteElo "1326"]
[WhiteRD "78"]
[BlackElo "1898"]
[BlackRD "85"]
[GameID "66011"]

1. d4 f5 2. g3 Nf6 3. Bg2 e6 4. Nf3 c6 5. Nc3 d6 6. Be3 h6 7. O-O Ke7 8. b4 g5 9. d5 cxd5 10. Nb5 a6
11. Nc3 Bg7 12. Qd4 Qc7 13. h4 g4 14. Nd2 Nc6 15. Qd3 Nxb4 16. Qd4 Nxc2 17. Qd3 Nxa1 18. Rxa1 Ne4 19. Bxe4 fxe4 20. Qb1 Qxc3
21. Nb3 Qc4 22. Nd4 Bxd4
0-1

[Event "Dutch Treat"]
[Site "SchemingMind.com"]
[Date "2006.09.01"]
[Round "-"]
[White "Brerrabbit"]
[Black "Louis Lima"]
[Result "0-1"]
[WhiteCountry "SCO"]
[BlackCountry "ESP"]
[WhiteElo "1315"]
[WhiteRD "71"]
[BlackElo "1657"]
[BlackRD "49"]
[GameID "66012"]

1. d4 f5 2. g3 Nf6 3. Bg2 d5 4. Nf3 e6 5. Nc3 c5 6. Be3 c4 7. Qd2 Bb4 8. O-O Ne4 9. Qe1 Qa5 10. Nd2 Nxc3
11. bxc3 Bxc3 12. Rb1 Qxa2 13. Qc1 Nc6 14. g4 Nxd4 15. Re1 Nxc2 16. Rd1 Nxe3 17. fxe3 Bxd2 18. Rxd2 Qa5 19. gxf5 O-O 20. fxe6 Bxe6
21. Rxb7 Rab8 22. Re7 Rbe8 23. Rxe8 Rxe8 24. Rd4 c3 25. e4 Qc5 26. Qe3 c2
0-1

[Event "Dutch Treat"]
[Site "SchemingMind.com"]
[Date "2006.09.01"]
[Round "-"]
[White "Brerrabbit"]
[Black "Dr_Pat"]
[Result "0-1"]
[WhiteCountry "SCO"]
[BlackCountry "USA"]
[WhiteElo "1315"]
[WhiteRD "71"]
[BlackElo "1490"]
[BlackRD "48"]
[GameID "66013"]

1. d4 f5 2. g3 Nf6 3. Bg2 e6 4. Nf3 Be7 5. O-O O-O 6. Nc3 d6 7. d5 exd5 8. Nxd5 Nc6 9. Bf4 Be6 10. c4 Bf7
11. Nxf6+ Bxf6 12. Re1 Bxb2 13. Rb1 Bf6 14. e4 Re8 15. Bh3 Bxc4 16. Bxf5 Bxa2 17. Rb2 Bxb2 18. Qd5+ Bxd5 19. Ng5 g6 20. Rb1 Bf6
21. Bg4 Bxg5
0-1

[Event "Dutch Treat"]
[Site "SchemingMind.com"]
[Date "2006.09.01"]
[Round "-"]
[White "Brerrabbit"]
[Black "jlowrey"]
[Result "0-1"]
[WhiteCountry "SCO"]
[BlackCountry "USA"]
[WhiteElo "1315"]
[WhiteRD "71"]
[BlackElo "1662"]
[BlackRD "70"]
[GameID "66014"]

1. d4 f5 2. g3 e6 3. Bg2 Nf6 4. Nf3 Be7 5. Nc3 O-O 6. Be3 c6 7. O-O b5 8. b4 Bxb4 9. Qd2 Qa5 10. Bh6 gxh6
11. Qxh6 Bxc3 12. Ng5 Bxa1 13. Rxa1 Qd2 14. d5 cxd5 15. Nf3 Qxh6
0-1

[Event "Dutch Treat"]
[Site "SchemingMind.com"]
[Date "2006.09.01"]
[Round "-"]
[White "Brerrabbit"]
[Black "Count_Aleksander"]
[Result "0-1"]
[WhiteCountry "SCO"]
[BlackCountry "USA"]
[WhiteElo "1315"]
[WhiteRD "71"]
[BlackElo "1901"]
[BlackRD "104"]
[GameID "66015"]

1. d4 f5 2. g3 b6 3. Bg2 Nc6 4. Nf3 Bb7 5. Nc3 e6 6. Bg5 Nf6 7. Qd2 Be7 8. O-O O-O 9. Ne5 Nd5 10. Nxd5 Bxg5
11. Ne3 f4 12. gxf4 Bxf4 13. Nd3 Qg5 14. d5 Ne5 15. Nxf4 Rxf4 16. dxe6 Rg4 17. f4 Rxg2+ 18. Nxg2 Qxg2#
0-1

[Event "Dutch Treat"]
[Site "SchemingMind.com"]
[Date "2006.08.31"]
[Round "-"]
[White "kryspin11"]
[Black "Brerrabbit"]
[Result "1-0"]
[WhiteCountry "POL"]
[BlackCountry "SCO"]
[WhiteElo "1898"]
[WhiteRD "85"]
[BlackElo "1326"]
[BlackRD "78"]
[GameID "66016"]

1. d4 f5 2. c4 Nf6 3. g3 e6 4. Nc3 d5 5. Nf3 c6 6. Bg2 Bd6 7. c5 Be7 8. Bf4 Qa5 9. O-O O-O 10. Qd2 b6
11. Rac1 Ne4 12. Nxe4 fxe4 13. Qxa5 bxa5 14. Ne5 Nd7 15. Nxc6 Rf7 16. Nxe7+ Rxe7 17. c6 Nf6 18. c7 a6 19. f3 Ne8 20. fxe4 dxe4
21. Bxe4 Ra7 22. d5 Nxc7 23. d6 Rd7 24. Be3
1-0

[Event "Dutch Treat"]
[Site "SchemingMind.com"]
[Date "2006.09.02"]
[Round "-"]
[White "Louis Lima"]
[Black "Brerrabbit"]
[Result "1-0"]
[WhiteCountry "ESP"]
[BlackCountry "SCO"]
[WhiteElo "1682"]
[WhiteRD "55"]
[BlackElo "1318"]
[BlackRD "73"]
[GameID "66017"]

1. d4 f5 2. Nc3 d5 3. Bf4 Bd7 4. Nxd5 Na6 5. e3 Nf6 6. Bxa6 bxa6 7. Nxc7+ Kf7 8. Nxa8 Qxa8 9. Nf3 Nd5 10. Ne5+ Ke8
11. Qh5+ g6 12. Nxg6 Rg8 13. Nxf8+ Kd8 14. Nxd7 Kxd7 15. Qxf5+ e6 16. Qf7+ Kc6 17. Qxe6+
1-0

[Event "Dutch Treat"]
[Site "SchemingMind.com"]
[Date "2006.09.01"]
[Round "-"]
[White "Dr_Pat"]
[Black "Brerrabbit"]
[Result "0-1"]
[WhiteCountry "USA"]
[BlackCountry "SCO"]
[WhiteElo "1490"]
[WhiteRD "48"]
[BlackElo "1315"]
[BlackRD "71"]
[GameID "66018"]

1. d4 f5 2. e4 fxe4 3. Nc3 Nf6 4. Bg5 Nc6 5. f3 exf3 6. Nxf3 d5 7. Bd3 Bg4 8. O-O Nxd4 9. h3 Nxf3+ 10. gxf3 Bxh3
11. Re1 Qd6 12. Ne2 O-O-O 13. Bf4 e5 14. Bg5 Qb6+ 15. Kh2 Be6 16. Ng3 Qxb2 17. Bc1 Qb6 18. Be3 d4 19. Bg1 e4 20. fxe4 Bd6
21. e5 Ng4+ 22. Kh1 Bd5+ 23. Be4 Bxe4+ 24. Nxe4 Bxe5 25. Rb1 Qh6+
0-1

[Event "Dutch Treat"]
[Site "SchemingMind.com"]
[Date "2006.08.31"]
[Round "-"]
[White "jlowrey"]
[Black "Brerrabbit"]
[Result "1-0"]
[WhiteCountry "USA"]
[BlackCountry "SCO"]
[WhiteElo "1662"]
[WhiteRD "74"]
[BlackElo "1318"]
[BlackRD "73"]
[GameID "66019"]

1. d4 f5 2. e4 fxe4 3. c4 Nf6 4. Bg5 e6 5. Nc3 Nc6 6. Nxe4 Be7 7. Bxf6 Bxf6 8. Nf3 d5 9. cxd5 exd5 10. Nxf6+ Qxf6
11. Qe2+ Ne7 12. Qe5 Qxe5+ 13. Nxe5 O-O 14. b4 Bf5 15. Be2 Nc6 16. Nxc6 Rae8 17. Ne5 Be4 18. O-O b6 19. Bb5 Re6 20. Rfc1 c5
21. bxc5 bxc5 22. Rxc5 Rf5 23. Bd7 Rg5 24. Bxe6+ Kf8 25. Bxd5 Rxg2+ 26. Kf1 Bxd5 27. Rxd5 Rxh2 28. Nd7+ Ke7 29. Re1+
1-0

[Event "Dutch Treat"]
[Site "SchemingMind.com"]
[Date "2006.09.02"]
[Round "-"]
[White "Count_Aleksander"]
[Black "Brerrabbit"]
[Result "1-0"]
[WhiteCountry "USA"]
[BlackCountry "SCO"]
[WhiteElo "1869"]
[WhiteRD "95"]
[BlackElo "1318"]
[BlackRD "73"]
[GameID "66020"]

1. d4 f5 2. c4 Nf6 3. Nc3 e6 4. f3 d5 5. Bg5 c6 6. e4 Be7 7. cxd5 cxd5 8. e5 Nfd7 9. Bxe7 Qxe7 10. h4 Nc6
11. Nge2 O-O 12. a3 b6 13. Nf4 Rb8 14. Qa4 Na5 15. b4 Nc4 16. Bxc4 dxc4 17. Qxa7 Rb7 18. Qa4 g5 19. hxg5 Qxg5 20. Nce2 b5
21. Qc2 Rc7 22. Nxe6 Qxg2 23. Rg1
1-0

[Event "Dutch Treat"]
[Site "SchemingMind.com"]
[Date "2006.09.01"]
[Round "-"]
[White "Tonberry"]
[Black "Brerrabbit"]
[Result "1-0"]
[WhiteCountry "USA"]
[BlackCountry "SCO"]
[WhiteElo "2265"]
[WhiteRD "139"]
[BlackElo "1318"]
[BlackRD "73"]
[GameID "66206"]

1. d4 f5 2. e4 fxe4 3. f3 Nf6 4. Bg5 e6 5. fxe4 Be7 6. Bd3 Nc6 7. e5 Nd5 8. Qh5+ g6 9. Bxg6+ hxg6 10. Qxh8+ Bf8
11. Bxd8 Nxd8 12. Nh3 Nf7 13. Qh7 b6 14. O-O c6 15. Qxf7+ Kd8 16. Qxf8+ Kc7 17. Qd6+ Kd8 18. Rf8#
1-0

[Event "Dutch Treat"]
[Site "SchemingMind.com"]
[Date "2006.09.01"]
[Round "-"]
[White "Tonberry"]
[Black "kryspin11"]
[Result "0-1"]
[WhiteCountry "USA"]
[BlackCountry "POL"]
[WhiteElo "2073"]
[WhiteRD "134"]
[BlackElo "2030"]
[BlackRD "88"]
[GameID "66207"]

1. d4 f5 2. Nc3 e6 3. e4 fxe4 4. Nxe4 Nf6 5. Bg5 Be7 6. Bxf6 Bxf6 7. Qh5+ g6 8. Qh6 Qe7 9. Nxf6+ Qxf6 10. O-O-O Nc6
11. h4 Rf8 12. Bd3 Qf4+ 13. Qxf4 Rxf4 14. Nf3 d5 15. h5 Ke7 16. hxg6 hxg6 17. c3 Bd7 18. Rh7+ Kd6 19. Bb5 Rg8 20. Ne5 Be8
21. Bxc6 bxc6 22. Re1 g5 23. Nd3 Rf7 24. Nc5 Rg6 25. Rh8 Ke7 26. Nxe6 Rxe6 27. Rxe8+ Kxe8 28. Rxe6+ Kd7 29. Rg6 Rxf2 30. Rxg5 a6
31. g4 Kc8
0-1

[Event "Dutch Treat"]
[Site "SchemingMind.com"]
[Date "2006.09.01"]
[Round "-"]
[White "Tonberry"]
[Black "Louis Lima"]
[Result "1-0"]
[WhiteCountry "USA"]
[BlackCountry "ESP"]
[WhiteElo "2247"]
[WhiteRD "142"]
[BlackElo "1657"]
[BlackRD "49"]
[GameID "66208"]

1. d4 f5 2. Bg5 c5 3. dxc5 Na6 4. e4 fxe4 5. Nc3 Nxc5 6. Be3 Ne6 7. Nxe4 Qa5+ 8. c3 Nf6 9. Nxf6+ exf6 10. Nf3 d5
11. Nd2 d4 12. Nb3 Qe5 13. Nxd4 Nxd4 14. Qxd4 Bd6 15. Qxe5+ Bxe5 16. O-O-O Be6 17. Be2 Bxa2 18. f4 Bc7 19. Bb5+
1-0

[Event "Dutch Treat"]
[Site "SchemingMind.com"]
[Date "2006.09.01"]
[Round "-"]
[White "Tonberry"]
[Black "Dr_Pat"]
[Result "1-0"]
[WhiteCountry "USA"]
[BlackCountry "USA"]
[WhiteElo "2247"]
[WhiteRD "142"]
[BlackElo "1490"]
[BlackRD "48"]
[GameID "66209"]

1. d4 f5 2. e4 fxe4 3. f3 d5 4. Nc3 Nf6 5. fxe4 dxe4 6. Bc4 Nc6 7. Nge2 e6 8. O-O Be7 9. Be3 O-O 10. Nf4 Qd6
11. Nb5 Qd7 12. Bxe6+
1-0

[Event "Dutch Treat"]
[Site "SchemingMind.com"]
[Date "2006.09.01"]
[Round "-"]
[White "Tonberry"]
[Black "jlowrey"]
[Result "1-0"]
[WhiteCountry "USA"]
[BlackCountry "USA"]
[WhiteElo "2265"]
[WhiteRD "139"]
[BlackElo "1662"]
[BlackRD "74"]
[GameID "66210"]

1. d4 f5 2. Nc3 Nf6 3. Bg5 c6 4. e3 e6 5. Bd3 Be7 6. Nf3 O-O 7. O-O c5 8. dxc5 Bxc5 9. Bxf5 exf5 10. Bxf6 Qxf6
11. Qd5+ Kh8 12. Qxc5 Na6 13. Qe5 Qxe5 14. Nxe5 d6 15. Nf3 Be6 16. Rfd1 Rad8 17. Nb5 Nb4 18. Nxd6 Bd5 19. a3 Bxf3 20. Nf7+
1-0

[Event "Dutch Treat"]
[Site "SchemingMind.com"]
[Date "2006.09.01"]
[Round "-"]
[White "Tonberry"]
[Black "Count_Aleksander"]
[Result "1-0"]
[WhiteCountry "USA"]
[BlackCountry "USA"]
[WhiteElo "2247"]
[WhiteRD "142"]
[BlackElo "1901"]
[BlackRD "104"]
[GameID "66211"]

1. d4 f5 2. Bg5 Nf6 3. Bxf6 exf6 4. e3 d5 5. Bd3 Be6 6. Qf3 g6 7. h4 h5 8. Ne2 c6 9. Nd2 Nd7 10. Nb3 Bd6
11. Nf4 Bf7 12. a4 O-O 13. Qg3 Re8 14. O-O Re4 15. Bxe4 fxe4 16. Qh3 f5 17. a5 Nf6 18. Nc5 Bxc5 19. dxc5 Qe7 20. Qg3 Kh7
21. Qg5 Re8 22. a6 Kg7 23. Ra3 Qxc5 24. axb7 Nh7 25. Nxh5+ Kh8 26. Nf6
1-0

[Event "Dutch Treat"]
[Site "SchemingMind.com"]
[Date "2006.09.01"]
[Round "-"]
[White "Brerrabbit"]
[Black "Tonberry"]
[Result "0-1"]
[WhiteCountry "SCO"]
[BlackCountry "USA"]
[WhiteElo "1315"]
[WhiteRD "71"]
[BlackElo "2247"]
[BlackRD "142"]
[GameID "66212"]

1. d4 f5 2. g3 Nf6 3. Bg2 g6 4. Nf3 Bg7 5. Nc3 O-O 6. Bf4 c6 7. O-O d6 8. Re1 Qb6 9. e4 fxe4 10. Nd2 Nd5
11. Bxe4 Nxf4 12. gxf4 Bxd4 13. Qf3 e5 14. f5 Bxf5 15. Na4 Bxf2+ 16. Qxf2 Qxf2+ 17. Kh1 Qxd2 18. c4 Bxe4+
0-1

[Event "Dutch Treat"]
[Site "SchemingMind.com"]
[Date "2006.09.01"]
[Round "-"]
[White "kryspin11"]
[Black "Tonberry"]
[Result "1-0"]
[WhiteCountry "POL"]
[BlackCountry "USA"]
[WhiteElo "1990"]
[WhiteRD "87"]
[BlackElo "2168"]
[BlackRD "147"]
[GameID "66213"]

1. d4 f5 2. c4 Nf6 3. Nc3 e6 4. Nf3 Bb4 5. Bg5 h6 6. Bxf6 Qxf6 7. Qc2 b6 8. e4 Bxc3+ 9. bxc3 Bb7 10. e5 Qe7
11. Be2 Be4 12. Qc1 Nc6 13. Qe3 Na5 14. O-O O-O 15. Nd2 Bc6 16. f4 Kh8 17. Qd3 Rg8 18. Bf3 g5 19. fxg5 hxg5 20. Bxc6 Nxc6
21. g4 f4 22. Ne4 Raf8 23. Nf6 Rxf6 24. exf6 Qxf6 25. Rf3
1-0

[Event "Dutch Treat"]
[Site "SchemingMind.com"]
[Date "2006.09.02"]
[Round "-"]
[White "Louis Lima"]
[Black "Tonberry"]
[Result "0-1"]
[WhiteCountry "ESP"]
[BlackCountry "USA"]
[WhiteElo "1657"]
[WhiteRD "49"]
[BlackElo "2247"]
[BlackRD "142"]
[GameID "66214"]

1. d4 f5 2. c4 Nf6 3. Nc3 e6 4. Nf3 Bb4 5. a3 Bxc3+ 6. bxc3 d6 7. e3 Qe7 8. Bd3 e5 9. Bc2 Nc6 10. O-O O-O
11. a4 Ne4 12. Bxe4 fxe4 13. Nd2 Bf5 14. f3 exf3 15. Nxf3 e4 16. Ba3 exf3 17. Rxf3 Bg4 18. Rxf8+ Rxf8 19. Qxg4 Qxe3+
0-1